Handa's surprise / (Record no. 49448)
| 000 -LEADER | |
|---|---|
| fixed length control field | 00288nam a2200109 4500 |
| 020 ## - INTERNATIONAL STANDARD BOOK NUMBER | |
| International Standard Book Number | 9780763653859 |
| 100 ## - MAIN ENTRY--PERSONAL NAME | |
| Personal name | Browne, Eileen |
| 9 (RLIN) | 55211 |
| 245 ## - TITLE STATEMENT | |
| Title | Handa's surprise / |
| Statement of responsibility, etc | Eileen Browne |
| 260 ## - PUBLICATION, DISTRIBUTION, ETC. (IMPRINT) | |
| Place of publication, distribution, etc | London |
| Name of publisher, distributor, etc | Walker Books |
| Date of publication, distribution, etc | 2011 |
| 300 ## - PHYSICAL DESCRIPTION | |
| Extent | unpaged. |
| Other physical details | col. ill. |
| Dimensions | Big Book |
| 942 ## - ADDED ENTRY ELEMENTS (KOHA) | |
| Source of classification or shelving scheme | |
| Koha item type | Book |
| Withdrawn status | Lost status | Source of classification or shelving scheme | Damaged status | Not for loan | Collection code | Home library | Current library | Shelving location | Date acquired | Total Checkouts | Full call number | Barcode | Checked out | Date last seen | Date checked out | Price effective from | Koha item type | Public note |
|---|---|---|---|---|---|---|---|---|---|---|---|---|---|---|---|---|---|---|
| TEACHERS' RESOURCES | Asian Hope Early Years Library | Asian Hope Primary Library | Easy Reading | 08/28/2025 | 2 | E BRO | 209233 | 10/20/2025 | 10/20/2025 | 10/20/2025 | 08/28/2025 | Book | BIG BOOK |